Регионална библиотека "Любен Каравелов" - Русе

Бамби и други приказки (Запис номер 371927)

MARC детайли
000 -Лидер
Контролно поле с фиксирана дължина 01124nam a2200301 a 4500
003 - Код на организацията, давaща контролен номер
Контролно поле BLK
005 - Дата и час на последна редакция
Контролно поле 20241122130323.0
008 - Елементи от данни с фиксирана дължина
fixed length control field 200701b bu ||||| |||| 00| 0 bu d
020 ## - Международен стандартен номер на книга ISBN
Международен стандартен номер на книга ISBN 9786192110833
040 ## - Източник на каталожния запис
Идентификатор на билиотеката - собственик на записа BLK
041 ## - Код за език
Код за езика на текст/звукозапис или на отделно заглавие Български
Код за езика КДБФ Български
080 ## - УДК
Текстов определител УДК Литература на отделни езици и езикови семейства
УДК код - определител по УДК 821
УДК - код + определител 821-93-34
100 1# - Редна дума - Автор
Автор Георгиева, Виолета
Авторска отговорност първи автор
R(LIN) 1299
139 ## - Редно поле
Авторски знак Балт - Б 24
245 ## - Сведения за заглавието
Заглавие Бамби и други приказки
260 ## - Област на издателските данни
9 (RLIN) 217114
Място на издаване, разпространение и проч. София
Име на издателя, разпространителя и проч. ПУХ
Година на издаване 2019
Печатница Алианс принт
Издателство - префикс ISBN 978-954-9701-
300 ## - Физическа характеристика
Страници [8] с.
Илюстрации и др. с цв. ил.
Размери/Мащаб 28 см
380 ## - Жанр
Жанр Детска худож. лит.
490 ## - СЕРИИ (Колекции)
9 (RLIN) 416899
Име на серия Световните приказки
ISSN C634-6774
500 ## - Общи забележки
Забележка Съдържа и: Болен здрав носи ; Двете козлета
700 ## - Други автори (авторска отговорност)
9 (RLIN) 263935
Лично име Кисьова, Светлана Иванова
Автороска отговорност (Описва отношението между автора и произведението) худож.
852 ## - Местоположение
Форматна сигнатура Цб ІІ 25359
942 ## - АРТИКУЛИ
Вид на библиотечния материал Книги
Скрит в OPAC Не
Периодичен библиозапис Да
Koha issues (borrowed), all copies 3
944 ## - СЪЗДАВАНЕ И РЕДАКЦИЯ на ЗАПИСА
Създаване/Редакция Създаване
Дата на регистрацията/редакция 2020-07-01
Служител, извършил регистрацията/редакцията 30537
Статус, дата на статуса Грета Цуфелде
999 ## - СИСТЕМНИ КОНТРОЛНИ НОМЕРА
Koha biblionumber 371927
Koha biblioitemnumber 371927
999 ## - СИСТЕМНИ КОНТРОЛНИ НОМЕРА
Koha biblioitemnumber 371927
999 ## - СИСТЕМНИ КОНТРОЛНИ НОМЕРА
Koha biblioitemnumber 371927
999 ## - СИСТЕМНИ КОНТРОЛНИ НОМЕРА
Koha biblioitemnumber 371927
Наличности
Код за отписване Код за изгубен артикул Източник на класификационната схема Код за повреда Код за отдаване Артикулен № Име на библиотеката - собственик Име на библиотеката, в която се намира в момента Статус (Текущо местоположение) Дата на вписване в системата Местоположение - отдел Цена в лева Систематично азбучна сигнатура Баркод Цена в евро Служебен тип на артикула Инвентарен номер
  Не е изгубен Universal Decimal Classification Не е повреден ползва се в читалня 781280 Регионална библиотека "Любен Каравелов" Русе Регионална библиотека "Любен Каравелов" Русе Хранилище 2020-07-06 Хранилище 1.99 Цб ІІ 25359 120000844832 1.02 Книги  
  Не е изгубен Universal Decimal Classification Не е повреден заемане за дома 940227 Регионална библиотека "Любен Каравелов" Русе Регионална библиотека "Любен Каравелов" Русе Детски отдел 2024-02-14 Детски отдел 1.99 821-93/Б 24 120000899255 1.02 Книги 120000899255
Vip Innovations Ltd, Rousse, Bulgaria 2025